[Event "Catalunya-chT Honor"]
[Site "Catalunya"]
[Date "2013.04.06"]
[Round "10.8"]
[White "Rodriguez Vargas, Orestes"]
[Black "Castellet Giralt, Gabriel"]
[Result "1/2-1/2"]
[WhiteElo "2378"]
[BlackElo "2183"]
[PlyCount "69"]
[EventDate "2013.01.19"]
[EventType "team-tourn"]
[EventRounds "11"]
[EventCountry "ESP"]
[SourceTitle "EXT 2014"]
[Source "ChessBase"]
[SourceDate "2013.11.20"]
[SourceVersion "1"]
[SourceVersionDate "2013.11.20"]
[SourceQuality "1"]
[WhiteTeam "Barcelona Uga"]
[BlackTeam "Cerdanyola Valles"]
[WhiteTeamCountry "ESP"]
[BlackTeamCountry "ESP"]

1. c4 c5 2. Nc3 Nc6 3. Nf3 g6 4. e3 Nf6 5. d4 cxd4 6. exd4 d5 7. cxd5 Nxd5 8. Qb3 Nxc3 9. Bc4 Nd5 10. Bxd5 e6 11. Be4 Bg7 12. Be3 0-0 13. 0-0 Na5 14. Qb4 f5 15. Bg5 Qb6 16. Qxb6 axb6 17. Bc2 Nc6 18. Rfd1 h6 19. Bf4 g5 20. Bc7 b5 21. Bb3 Na5 22. Bxa5 Rxa5 23. Rac1 Ra6 24. Rc5 Rd6 25. Rxb5 b6 26. Re1 g4 27. Ne5 Ba6 28. Rb4 Rfd8 29. h3 h5 30. Kh2 Bh6 31. Nc4 Rxd4 32. Rxe6 Bf8 33. Ra4 Bb5 34. Nxb6 Bxa4 35. Nxa4 1/2-1/2

[Event "Catalunya-chT Honor"]
[Site "Catalunya"]
[Date "2013.01.19"]
[Round "1.8"]
[White "Rodriguez Vargas, Orestes"]
[Black "Perpinya Rofes, Lluis Maria"]
[Result "0-1"]
[WhiteElo "2378"]
[BlackElo "2392"]
[PlyCount "57"]
[EventDate "2013.01.19"]
[EventType "team-tourn"]
[EventRounds "11"]
[EventCountry "ESP"]
[SourceTitle "CBM 152 Extra"]
[Source "ChessBase"]
[SourceDate "2013.02.25"]
[SourceVersion "1"]
[SourceVersionDate "2013.02.25"]
[SourceQuality "1"]
[WhiteTeam "Barcelona Uga"]
[BlackTeam "Colon Sabadell"]
[WhiteTeamCountry "ESP"]
[BlackTeamCountry "ESP"]

1. c4 g6 2. Nc3 Bg7 3. g3 e5 4. Bg2 d6 5. e3 Nc6 6. Nge2 h5 7. h3 Be6 8. d4 exd4 9. Nxd4 Nxd4 10. exd4 Qd7 11. d5 Bf5 12. Bg5 a6 13. Qd2 Kf8 14. f3 Re8+ 15. Kf2 c5 16. Ne2 Nf6 17. Rae1 b5 18. b3 bxc4 19. bxc4 Qa4 20. Qf4 Nd7 21. g4 Ne5 22. Kg3 Bd3 23. Nc3 Qxc4 24. Ne4 Bxe4 25. Rxe4 Qxd5 26. Rhe1 Rh7 27. Qe3 Qd3 28. Qc1 hxg4 29. hxg4 0-1

[Event "EU-chT Seniors"]
[Site "Rogaska Slatina"]
[Date "2012.04.03"]
[Round "8.9"]
[White "Jorgensen, Jorgen"]
[Black "Rodriguez Vargas, Orestes"]
[Result "0-1"]
[WhiteElo "2209"]
[BlackElo "2403"]
[PlyCount "72"]
[EventDate "2012.03.27"]
[EventType "team-swiss"]
[EventRounds "9"]
[EventCountry "SLO"]
[SourceTitle "CBM 147 Extra"]
[Source "ChessBase"]
[SourceDate "2012.04.24"]
[SourceVersion "1"]
[SourceVersionDate "2012.04.24"]
[SourceQuality "1"]
[WhiteTeam "Denmark (Seniors) II"]
[BlackTeam "Catalunya (Seniors)"]
[WhiteTeamCountry "DEN"]
[BlackTeamCountry "ESP"]

1. c4 c5 2. Nc3 g6 3. Nf3 Bg7 4. e3 Nf6 5. d4 0-0 6. Be2 cxd4 7. Nxd4 Nc6 8. 0-0 d6 9. b3 Bd7 10. Bb2 a6 11. Qd2 Rb8 12. Nxc6 Bxc6 13. Rfd1 b5 14. cxb5 axb5 15. b4 Qb6 16. Bd3 Qb7 17. f3 Rfd8 18. e4 e5 19. Qf2 d5 20. exd5 Nxd5 21. a3 Nf4 22. Be2 Ne6 23. Ne4 Nd4 24. Nc5 Qe7 25. Bd3 Rd6 26. Re1 Rbd8 27. Rad1 f5 28. Bxd4 Rxd4 29. Qf1 e4 30. fxe4 fxe4 31. Bc2 e3 32. Rxd4 Bxd4 33. Bb3+ Kh8 34. Re2 Bd5 35. Bxd5 Rxd5 36. Qf4 Bxc5 0-1

[Event "EU-chT Seniors"]
[Site "Rogaska Slatina"]
[Date "2012.03.31"]
[Round "5.3"]
[White "Rodriguez Vargas, Orestes"]
[Black "Kortschnoj, Viktor Lvovich"]
[Result "0-1"]
[WhiteElo "2403"]
[BlackElo "2549"]
[PlyCount "94"]
[EventDate "2012.03.27"]
[EventType "team-swiss"]
[EventRounds "9"]
[EventCountry "SLO"]
[SourceTitle "CBM 147 Extra"]
[Source "ChessBase"]
[SourceDate "2012.04.24"]
[SourceVersion "1"]
[SourceVersionDate "2012.04.24"]
[SourceQuality "1"]
[WhiteTeam "Catalunya (Seniors)"]
[BlackTeam "Switzerland (Seniors)"]
[WhiteTeamCountry "ESP"]
[BlackTeamCountry "SUI"]

1. d4 Nf6 2. c4 e6 3. Nf3 b6 4. Bf4 Bb7 5. e3 Bb4+ 6. Nfd2 0-0 7. a3 Be7 8. Nc3 c5 9. d5 exd5 10. Qf3 b5 11. Nxb5 d6 12. cxd5 Bxd5 13. e4 Bc6 14. Bd3 d5 15. e5 c4 16. Nd4 cxd3 17. exf6 Bxf6 18. Qxd3 Re8+ 19. Be3 Bxd4 20. Qxd4 Bb5 21. Nf3 Nc6 22. Qc5 Qa5+ 23. Qc3 Qa4 24. b3 Qe4 25. 0-0-0 Be2 26. Rd2 Bxf3 27. gxf3 Qxf3 28. Rg1 g6 29. Kb2 Rac8 30. Rgd1 a5 31. Bc5 Qf4 32. Rxd5 Qxh2 33. Qf3 Ne5 34. Qf6 Qh5 35. R1d2 Rxc5 36. Rxc5 Nd3+ 37. Rxd3 Qxc5 38. Rd8 Rxd8 39. Qxd8+ Kg7 40. Qd2 h5 41. b4 axb4 42. axb4 Qc4 43. Ka3 h4 44. Qd7 Qa6+ 45. Kb2 Qf6+ 46. Ka3 Qc3+ 47. Ka4 h3 0-1

[Event "EU-chT Seniors"]
[Site "Rogaska Slatina"]
[Date "2012.03.29"]
[Round "3.8"]
[White "Rodriguez Vargas, Orestes"]
[Black "Dogantug, Ahmet Ismail"]
[Result "1-0"]
[WhiteElo "2403"]
[BlackElo "2155"]
[PlyCount "65"]
[EventDate "2012.03.27"]
[EventType "team-swiss"]
[EventRounds "9"]
[EventCountry "SLO"]
[SourceTitle "CBM 147 Extra"]
[Source "ChessBase"]
[SourceDate "2012.04.24"]
[SourceVersion "1"]
[SourceVersionDate "2012.04.24"]
[SourceQuality "1"]
[WhiteTeam "Catalunya (Seniors)"]
[BlackTeam "Turkey (Seniors)"]
[WhiteTeamCountry "ESP"]
[BlackTeamCountry "TUR"]

1. d4 d5 2. c4 e6 3. Nc3 Be7 4. cxd5 exd5 5. Bf4 c6 6. e3 Bf5 7. h3 Qb6 8. Qd2 Nf6 9. f3 h5 10. h4 Nbd7 11. Nh3 a6 12. Nf2 c5 13. Be2 Rc8 14. 0-0 cxd4 15. exd4 0-0 16. Bd1 Bd6 17. Bb3 Rc6 18. Rac1 Qc7 19. Bxd6 Qxd6 20. Qg5 Be6 21. Nd3 Rfc8 22. Rce1 b5 23. Ne2 Nb6 24. Nef4 Nc4 25. Re2 Qd7 26. Rfe1 Qa7 27. Nc5 Rxc5 28. dxc5 Qxc5+ 29. Kh1 Bd7 30. Nxh5 Nxh5 31. Qxh5 Qd4 32. Bc2 f5 33. Bxf5 1-0

[Event "Catalunya-chT"]
[Site "Catalunya"]
[Date "2012.03.17"]
[Round "8.7"]
[White "Rodriguez Vargas, Orestes"]
[Black "Garrido Fernandez, Daniel"]
[Result "1/2-1/2"]
[WhiteElo "2403"]
[BlackElo "2250"]
[PlyCount "96"]
[EventDate "2012.01.28"]
[EventType "team-tourn"]
[EventRounds "11"]
[EventCountry "ESP"]
[SourceTitle "EXT 2013"]
[Source "ChessBase"]
[SourceDate "2012.11.22"]
[SourceVersion "1"]
[SourceVersionDate "2012.11.22"]
[SourceQuality "1"]
[WhiteTeam "Barcelona Uga"]
[BlackTeam "Foment Martinenc"]
[WhiteTeamCountry "ESP"]
[BlackTeamCountry "ESP"]

1. Nf3 f5 2. g3 Nf6 3. Bg2 g6 4. b3 Bg7 5. Bb2 d6 6. d4 0-0 7. 0-0 Ne4 8. c4 c5 9. Nbd2 Nc6 10. e3 e6 11. Qe2 Qe7 12. Rfd1 Bd7 13. a3 Rad8 14. b4 cxb4 15. axb4 Nxb4 16. Rxa7 Bc6 17. Nb3 Ra8 18. Rda1 Rxa7 19. Rxa7 Qc7 20. Ra3 Rc8 21. Ne1 Bd7 22. f3 Nf6 23. Qd2 Na6 24. Bf1 Bh6 25. Kf2 g5 26. Bd3 g4 27. f4 Bg7 28. Qa5 Qxa5 29. Nxa5 Nb4 30. Bb1 b6 31. Nb7 Ne8 32. Rb3 Rxc4 33. Ba3 Nd5 34. Nxd6 Nxd6 35. Bxd6 Ba4 36. Ra3 b5 37. Ba2 Rc1 38. Bxd5 exd5 39. Ra2 Kf7 40. Ba3 Rc3 41. Ke2 Bf6 42. Kd2 Rb3 43. Nd3 Rb1 44. Nc5 Rh1 45. Kc3 Re1 46. Kd2 Rh1 47. Kc3 Re1 48. Kd2 Rh1 1/2-1/2

[Event "Catalunya-chT"]
[Site "Catalunya"]
[Date "2012.03.10"]
[Round "7.6"]
[White "Martinez Ramirez, Erik"]
[Black "Rodriguez Vargas, Orestes"]
[Result "1/2-1/2"]
[WhiteElo "2288"]
[BlackElo "2403"]
[PlyCount "27"]
[EventDate "2012.01.28"]
[EventType "team-tourn"]
[EventRounds "11"]
[EventCountry "ESP"]
[SourceTitle "EXT 2013"]
[Source "ChessBase"]
[SourceDate "2012.11.22"]
[SourceVersion "1"]
[SourceVersionDate "2012.11.22"]
[SourceQuality "1"]
[WhiteTeam "Montcada"]
[BlackTeam "Barcelona Uga"]
[WhiteTeamCountry "ESP"]
[BlackTeamCountry "ESP"]

1. e4 c5 2. Nf3 d6 3. d4 cxd4 4. Nxd4 Nf6 5. Nc3 Nc6 6. Be3 Ng4 7. Bb5 Nxe3 8. fxe3 Bd7 9. 0-0 e6 10. Bxc6 bxc6 11. Qf3 Qf6 12. Qe2 Qd8 13. Qf3 Qf6 14. Qe2 1/2-1/2

[Event "Catalunya-chT"]
[Site "Catalunya"]
[Date "2012.02.25"]
[Round "5.7"]
[White "Rodriguez Vargas, Orestes"]
[Black "Perez Manas, Benjamin"]
[Result "1/2-1/2"]
[WhiteElo "2403"]
[BlackElo "2235"]
[PlyCount "44"]
[EventDate "2012.01.28"]
[EventType "team-tourn"]
[EventRounds "11"]
[EventCountry "ESP"]
[SourceTitle "EXT 2013"]
[Source "ChessBase"]
[SourceDate "2012.11.22"]
[SourceVersion "1"]
[SourceVersionDate "2012.11.22"]
[SourceQuality "1"]
[WhiteTeam "Barcelona Uga"]
[BlackTeam "Barbera"]
[WhiteTeamCountry "ESP"]
[BlackTeamCountry "ESP"]

1. d4 Nf6 2. c4 e6 3. Nf3 b6 4. Bf4 Bb7 5. e3 Be7 6. Nc3 Nh5 7. Bg3 f5 8. Bd3 0-0 9. Qc2 Nc6 10. a3 Bf6 11. 0-0-0 Ne7 12. Kb1 h6 13. h3 Nxg3 14. fxg3 d6 15. g4 Qc8 16. Rhf1 c5 17. d5 exd5 18. gxf5 Bxc3 19. Qxc3 dxc4 20. Qxc4+ d5 21. Qg4 Qc7 22. e4 c4 1/2-1/2

[Event "Catalunya-chT"]
[Site "Catalunya"]
[Date "2012.02.18"]
[Round "4.7"]
[White "Gonzalez Perez, Arian"]
[Black "Rodriguez Vargas, Orestes"]
[Result "1/2-1/2"]
[WhiteElo "2464"]
[BlackElo "2403"]
[PlyCount "80"]
[EventDate "2012.01.28"]
[EventType "team-tourn"]
[EventRounds "11"]
[EventCountry "ESP"]
[SourceTitle "EXT 2013"]
[Source "ChessBase"]
[SourceDate "2012.11.22"]
[SourceVersion "1"]
[SourceVersionDate "2012.11.22"]
[SourceQuality "1"]
[WhiteTeam "Colon Sabadell"]
[BlackTeam "Barcelona Uga"]
[WhiteTeamCountry "ESP"]
[BlackTeamCountry "ESP"]

1. Nf3 d5 2. c4 e6 3. g3 Nf6 4. Bg2 Be7 5. 0-0 0-0 6. b3 b6 7. Bb2 Bb7 8. e3 Nbd7 9. Nc3 c5 10. Rc1 Rc8 11. Ne2 Rc7 12. Nf4 Qa8 13. Qe2 Bd6 14. d3 Re8 15. Rfd1 a6 16. cxd5 exd5 17. d4 c4 18. Ne5 b5 19. Nh5 Nxh5 20. Qxh5 g6 21. Qh4 Nxe5 22. dxe5 Bxe5 23. Bxe5 Rxe5 24. e4 Rc8 25. exd5 Bxd5 26. Qd4 Bxg2 27. Qxe5 Re8 28. Qb2 Bh3 29. f4 cxb3 30. axb3 a5 31. Re1 a4 32. bxa4 bxa4 33. Rxe8+ Qxe8 34. Qe5 Qa8 35. Kf2 Qg2+ 36. Ke3 Qxh2 37. Qe8+ Kg7 38. Qe5+ Kg8 39. Qe8+ Kg7 40. Qe5+ Kg8 1/2-1/2

[Event "EU-chT Seniors"]
[Site "Thessaloniki"]
[Date "2011.05.09"]
[Round "7"]
[White "Rodriguez Vargas, Orestes"]
[Black "Uhlmann, Wolfgang"]
[Result "1/2-1/2"]
[WhiteElo "2405"]
[BlackElo "2389"]
[PlyCount "154"]
[EventDate "2011.05.03"]
[EventType "team-swiss"]
[EventRounds "9"]
[EventCountry "GRE"]
[SourceTitle "CBM 142 Extra"]
[Source "ChessBase"]
[SourceDate "2011.06.27"]
[SourceVersion "1"]
[SourceVersionDate "2011.06.27"]
[SourceQuality "1"]
[WhiteTeam "Catalunya"]
[BlackTeam "Germany"]
[WhiteTeamCountry "CAT"]
[BlackTeamCountry "GER"]

1. d4 Nf6 2. c4 c5 3. Nf3 cxd4 4. Nxd4 Nc6 5. Nc3 g6 6. e4 d6 7. Be2 Nxd4 8. Qxd4 Bg7 9. Bg5 0-0 10. Qd2 Bd7 11. 0-0 a6 12. Rfd1 Bc6 13. Bd3 Nd7 14. b4 b6 15. f4 Re8 16. Rac1 a5 17. a3 Qb8 18. Kh1 axb4 19. axb4 Ra3 20. Nd5 Kf8 21. Qe2 e6 22. Ne3 Qa8 23. Bc2 Nf6 24. e5 dxe5 25. fxe5 Ne4 26. Bxe4 Bxe4 27. Ng4 h6 28. Bf6 Ra2 29. Rd2 Bxg2+ 30. Kg1 Bf3 31. Rxa2 Bxe2 32. Rxa8 Rxa8 33. Ne3 Bxf6 34. exf6 Ke8 35. Kf2 Ra2 36. Kg3 Kd7 37. Kf4 Rb2 38. Ra1 Rxb4 39. Ra7+ Kd6 40. Rxf7 Bxc4 41. Ra7 e5+ 42. Kg3 Be6 43. Rb7 Rf4 44. Rxb6+ Kd7 45. Rb5 Re4 46. Kf3 Rh4 47. Rxe5 Rxh2 48. Ra5 Rh3+ 49. Kf2 Ke8 50. Ra7 Kf8 51. Re7 Bf7 52. Ng4 Rh5 53. Kg3 Rg5 54. Kh4 Rf5 55. Re5 Rf1 56. Ra5 Be8 57. Ra7 g5+ 58. Kg3 h5 59. Nh2 Rxf6 60. Ra5 Rg6 61. Nf3 g4 62. Rf5+ Kg7 63. Ne5 Rb6 64. Nxg4 hxg4 65. Rg5+ Kf6 66. Rxg4 Rb3+ 67. Kf2 Kf5 68. Rg3 Rb2+ 69. Ke3 Bc6 70. Kd4 Kf4 71. Rg8 Be4 72. Rf8+ Bf5 73. Re8 Rc2 74. Re7 Rd2+ 75. Kc4 Be4 76. Kc3 Rd8 77. Ra7 Rd6 1/2-1/2

[Event "EU-chT Seniors"]
[Site "Thessaloniki"]
[Date "2011.05.06"]
[Round "4"]
[White "Tseitlin, Mark D"]
[Black "Rodriguez Vargas, Orestes"]
[Result "1/2-1/2"]
[WhiteElo "2419"]
[BlackElo "2405"]
[PlyCount "90"]
[EventDate "2011.05.03"]
[EventType "team-swiss"]
[EventRounds "9"]
[EventCountry "GRE"]
[SourceTitle "CBM 142 Extra"]
[Source "ChessBase"]
[SourceDate "2011.06.27"]
[SourceVersion "1"]
[SourceVersionDate "2011.06.27"]
[SourceQuality "1"]
[WhiteTeam "Israel"]
[BlackTeam "Catalunya"]
[WhiteTeamCountry "ISR"]
[BlackTeamCountry "CAT"]

1. e4 d6 2. d4 Nf6 3. Nc3 e5 4. Nf3 Nbd7 5. Bc4 Be7 6. 0-0 0-0 7. Re1 c6 8. a4 a5 9. h3 h6 10. Ba2 Re8 11. Be3 Bf8 12. Qd3 Qc7 13. Rad1 exd4 14. Qxd4 Ne5 15. Nh2 Be6 16. b3 c5 17. Qd2 Bd7 18. f4 Ng6 19. f5 Ne5 20. Bf4 Bc6 21. Nf3 Rad8 22. Qf2 b6 23. Nd5 Nxf3+ 24. Qxf3 Bxd5 25. exd5 Qd7 26. g4 Rxe1+ 27. Rxe1 Re8 28. Kf1 Rxe1+ 29. Kxe1 Qe8+ 30. Kd2 b5 31. Qe2 Qxe2+ 32. Kxe2 Nxd5 33. Bd2 b4 34. Kd3 Be7 35. c4 Nb6 36. Ke4 Kf8 37. Bf4 f6 38. Bb1 Ke8 39. Bd3 Kd7 40. Be2 Bd8 41. Be3 Bc7 42. h4 Bd8 43. Bf3 Nc8 44. Kd3 Ne7 45. Bd5 Nxd5 1/2-1/2

[Event "EU-chT Seniors"]
[Site "Thessaloniki"]
[Date "2011.05.04"]
[Round "2"]
[White "Dahl, Ivar M"]
[Black "Rodriguez Vargas, Orestes"]
[Result "0-1"]
[WhiteElo "2136"]
[BlackElo "2405"]
[PlyCount "98"]
[EventDate "2011.05.03"]
[EventType "team-swiss"]
[EventRounds "9"]
[EventCountry "GRE"]
[SourceTitle "CBM 142 Extra"]
[Source "ChessBase"]
[SourceDate "2011.06.27"]
[SourceVersion "1"]
[SourceVersionDate "2011.06.27"]
[SourceQuality "1"]
[WhiteTeam "Blindern Oldtimers"]
[BlackTeam "Catalunya"]
[WhiteTeamCountry "NOR"]
[BlackTeamCountry "CAT"]

1. Nf3 d5 2. g3 c6 3. Bg2 Bg4 4. 0-0 Nd7 5. d4 e6 6. b3 a5 7. c4 Ngf6 8. Nc3 Bd6 9. Bb2 0-0 10. Qc2 Bf5 11. Qc1 h6 12. Re1 Ne4 13. Nd2 Ndf6 14. f3 Nxd2 15. Qxd2 e5 16. cxd5 cxd5 17. e4 dxe4 18. fxe4 Bg6 19. Nd5 Re8 20. Nxf6+ Qxf6 21. Rf1 Qe7 22. d5 a4 23. Qd3 Qc7 24. Kh1 Qb6 25. Bc1 Rec8 26. Bd2 Qa6 27. Qxa6 Rxa6 28. Rac1 Rxc1 29. Rxc1 axb3 30. axb3 Kf8 31. Bf3 Ra2 32. Be3 Rb2 33. Rc3 Ke7 34. Kg1 f5 35. exf5 Bxf5 36. Bb6 Bc2 37. Rc8 Rxb3 38. Bd8+ Kf7 39. Bh5+ Bg6 40. Bg4 Be4 41. Be6+ Kg6 42. Rc4 Bd3 43. Rc1 e4 44. g4 e3 45. h4 h5 46. g5 Rb2 47. Bc7 Bxc7 48. Rxc7 Rb1+ 49. Kg2 e2 0-1

[Event "Catalunya-chT"]
[Site "Barcelona"]
[Date "2011.03.26"]
[Round "9.1"]
[White "Rodriguez Vargas, Orestes"]
[Black "Munoz Pantoja, Miguel Angel"]
[Result "1-0"]
[WhiteElo "2419"]
[BlackElo "2507"]
[PlyCount "97"]
[EventDate "2011.01.29"]
[EventType "team-tourn"]
[EventRounds "11"]
[EventCountry "ESP"]
[SourceTitle "EXT 2012"]
[Source "ChessBase"]
[SourceDate "2011.11.24"]
[SourceVersion "1"]
[SourceVersionDate "2011.11.24"]
[SourceQuality "1"]
[WhiteTeam "Barcelona"]
[BlackTeam "Terrassa"]
[WhiteTeamCountry "ESP"]
[BlackTeamCountry "ESP"]

1. d4 d6 2. e4 Nf6 3. Nc3 c6 4. Nf3 g6 5. h3 Bg7 6. Bd3 0-0 7. 0-0 Nbd7 8. Bf4 Nh5 9. Bg5 h6 10. Bh4 Nf4 11. Re1 g5 12. Bg3 e5 13. dxe5 dxe5 14. Bc4 b5 15. Bb3 Nc5 16. Qxd8 Rxd8 17. Rad1 Be6 18. h4 g4 19. Nh2 h5 20. f3 b4 21. Na4 Nxa4 22. Bxa4 Bh6 23. Kf2 Bf8 24. Bb3 Bc5+ 25. Kf1 Bd4 26. Bxe6 fxe6 27. Rb1 Rf8 28. Red1 Rf7 29. Be1 Raf8 30. c3 bxc3 31. bxc3 Bc5 32. g3 Rg7 33. Bf2 Bxf2 34. Kxf2 Ng6 35. Ke3 Ne7 36. fxg4 hxg4 37. Rd6 Nc8 38. Rxe6 Nb6 39. Ke2 Rd7 40. Nxg4 Rc7 41. Rxe5 Na4 42. Rc1 Rb7 43. Rc2 Rb1 44. Nh6+ Kg7 45. Nf5+ Kf6 46. Ra5 Nb6 47. Rc5 Nd7 48. Rxc6+ Ke5 49. Rd2 1-0

[Event "Catalunya-chT"]
[Site "Barcelona"]
[Date "2011.03.12"]
[Round "7.1"]
[White "Rodriguez Vargas, Orestes"]
[Black "Quesada Perez, Yuniesky"]
[Result "0-1"]
[WhiteElo "2419"]
[BlackElo "2620"]
[PlyCount "52"]
[EventDate "2011.01.29"]
[EventType "team-tourn"]
[EventRounds "11"]
[EventCountry "ESP"]
[SourceTitle "EXT 2012"]
[Source "ChessBase"]
[SourceDate "2011.11.24"]
[SourceVersion "1"]
[SourceVersionDate "2011.11.24"]
[SourceQuality "1"]
[WhiteTeam "Barcelona"]
[BlackTeam "Barbera"]
[WhiteTeamCountry "ESP"]
[BlackTeamCountry "ESP"]

1. d4 Nf6 2. c4 e6 3. Nf3 b6 4. Nc3 Bb7 5. Bg5 Bb4 6. e3 h6 7. Bh4 g5 8. Bg3 Ne4 9. Nd2 Nxc3 10. bxc3 Bxc3 11. Rb1 d6 12. Qc2 Bxd2+ 13. Qxd2 Nd7 14. f3 f5 15. h4 g4 16. fxg4 Nf6 17. Bd3 Ne4 18. Bxe4 Bxe4 19. Rb2 Rg8 20. g5 hxg5 21. hxg5 Qxg5 22. Bf4 Qg7 23. Rh6 Rh8 24. Rxh8+ Qxh8 25. Qf2 0-0-0 26. c5 dxc5 0-1

[Event "Catalunya-chT"]
[Site "Barcelona"]
[Date "2011.03.05"]
[Round "6.1"]
[White "Hernando Rodrigo, Julio Antonio"]
[Black "Rodriguez Vargas, Orestes"]
[Result "1-0"]
[WhiteElo "2321"]
[BlackElo "2419"]
[PlyCount "99"]
[EventDate "2011.01.29"]
[EventType "team-tourn"]
[EventRounds "11"]
[EventCountry "ESP"]
[SourceTitle "EXT 2012"]
[Source "ChessBase"]
[SourceDate "2011.11.24"]
[SourceVersion "1"]
[SourceVersionDate "2011.11.24"]
[SourceQuality "1"]
[WhiteTeam "Ateneu Colon"]
[BlackTeam "Barcelona"]
[WhiteTeamCountry "ESP"]
[BlackTeamCountry "ESP"]

1. d4 d5 2. c4 dxc4 3. Nf3 Nf6 4. e3 Bg4 5. Bxc4 e6 6. Qb3 Bxf3 7. gxf3 b6 8. Nc3 a6 9. d5 e5 10. d6 Bxd6 11. Bxf7+ Kf8 12. e4 Nc6 13. Be3 Na5 14. Qe6 Qe7 15. Qxe7+ Kxe7 16. Bd5 Raf8 17. Rg1 g6 18. Bh6 Rb8 19. a3 Nxd5 20. Nxd5+ Ke6 21. Rc1 c6 22. Ne3 Nb3 23. Rxc6 Nd4 24. Rxd6+ Kxd6 25. Rg3 Rhc8 26. f4 Rb7 27. Ng4 Rc1+ 28. Kd2 Rbc7 29. fxe5+ Ke7 30. Bg5+ Kf7 31. Rd3 R1c2+ 32. Ke3 Ne6 33. Bf6 g5 34. Rd6 R2c6 35. h4 h5 36. Nh6+ Kg6 37. Bxg5 Rxd6 38. exd6 Rd7 39. Nf5 Nxg5 40. hxg5 Kxg5 41. Kd4 h4 42. Kd5 h3 43. Kc6 Rd8 44. Kc7 Rh8 45. Ng3 Kg4 46. d7 Kf3 47. d8Q Rxd8 48. Kxd8 Kxf2 49. Nh1+ Kg2 50. e5 1-0

[Event "Catalunya-chT"]
[Site "Barcelona"]
[Date "2011.02.19"]
[Round "4.1"]
[White "Rodriguez Vargas, Orestes"]
[Black "Movsziszian, Karen"]
[Result "0-1"]
[WhiteElo "2419"]
[BlackElo "2501"]
[PlyCount "40"]
[EventDate "2011.01.29"]
[EventType "team-tourn"]
[EventRounds "11"]
[EventCountry "ESP"]
[SourceTitle "EXT 2012"]
[Source "ChessBase"]
[SourceDate "2011.11.24"]
[SourceVersion "1"]
[SourceVersionDate "2011.11.24"]
[SourceQuality "1"]
[WhiteTeam "Barcelona"]
[BlackTeam "San Andreu"]
[WhiteTeamCountry "ESP"]
[BlackTeamCountry "ESP"]

1. d4 d6 2. e4 g6 3. Nc3 Bg7 4. Be3 a6 5. a4 Nf6 6. h3 0-0 7. Nf3 Nc6 8. d5 Nb4 9. Be2 c5 10. 0-0 e6 11. dxe6 Bxe6 12. e5 Nfd5 13. Bg5 Qb6 14. Ne4 dxe5 15. a5 Qc7 16. c3 f5 17. cxb4 fxe4 18. Nd2 h6 19. Bh4 Nxb4 20. Nxe4 Rf4 0-1

[Event "Catalunya-chT"]
[Site "Barcelona"]
[Date "2011.02.05"]
[Round "2"]
[White "Rodriguez Vargas, Orestes"]
[Black "Alsina Leal, Daniel"]
[Result "0-1"]
[WhiteElo "2419"]
[BlackElo "2531"]
[PlyCount "60"]
[EventDate "2011.01.29"]
[EventType "team-tourn"]
[EventRounds "11"]
[EventCountry "ESP"]
[SourceTitle "EXT 2012"]
[Source "ChessBase"]
[SourceDate "2011.11.24"]
[SourceVersion "1"]
[SourceVersionDate "2011.11.24"]
[SourceQuality "1"]
[WhiteTeam "Barcelona"]
[BlackTeam "UGA"]
[WhiteTeamCountry "ESP"]
[BlackTeamCountry "ESP"]

1. c4 e5 2. Nc3 Nf6 3. g3 d5 4. cxd5 Nxd5 5. Bg2 Nb6 6. d3 Be7 7. Nf3 Nc6 8. 0-0 0-0 9. Be3 Be6 10. Ne4 f5 11. Nc5 Bd5 12. Rc1 Nd4 13. Bxd4 exd4 14. Qc2 Bf6 15. e4 dxe3 16. fxe3 Qe7 17. Rfe1 c6 18. b3 Bxf3 19. Bxf3 Bg5 20. Kh1 Rad8 21. Re2 Nd5 22. Rce1 Nxe3 23. Qc1 Rfe8 24. Nxb7 Qxb7 25. Bxc6 Qb6 26. b4 Re7 27. Bf3 h5 28. h4 Bh6 29. Bxh5 Kh7 30. Qc3 Qd6 0-1

[Event "EU-chT Seniors 12th"]
[Site "Dresden"]
[Date "2010.02.16"]
[Round "7"]
[White "Rodriguez Vargas, Orestes"]
[Black "Kortschnoj, Viktor Lvovich"]
[Result "1/2-1/2"]
[WhiteElo "2423"]
[BlackElo "2566"]
[PlyCount "41"]
[EventDate "2010.02.10"]
[EventType "team-swiss"]
[EventRounds "9"]
[EventCountry "GER"]
[SourceTitle "CBM 134 Extra"]
[Source "ChessBase"]
[SourceDate "2010.03.03"]
[SourceVersion "1"]
[SourceVersionDate "2010.03.03"]
[SourceQuality "1"]
[WhiteTeam "Catalunya (Seniors)"]
[BlackTeam "Switzerland (Seniors)"]
[WhiteTeamCountry "CAT"]
[BlackTeamCountry "SUI"]

1. d4 Nf6 2. Nf3 g6 3. Bg5 Bg7 4. Nbd2 c5 5. e3 cxd4 6. exd4 b6 7. Bd3 Bb7 8. c3 d6 9. Qe2 0-0 10. 0-0 Nbd7 11. Ba6 Bxa6 12. Qxa6 Qc8 13. Qd3 Rb8 14. a4 a6 15. Rfe1 Re8 16. h3 b5 17. axb5 axb5 18. Ra7 Rb7 19. Ra6 Rb8 20. Ra7 Rb7 21. Ra6 1/2-1/2

[Event "EU-chT Seniors 12th"]
[Site "Dresden"]
[Date "2010.02.12"]
[Round "3"]
[White "Mishuchkov, Nikolai Mikhailovic"]
[Black "Rodriguez Vargas, Orestes"]
[Result "1/2-1/2"]
[WhiteElo "2396"]
[BlackElo "2423"]
[PlyCount "69"]
[EventDate "2010.02.10"]
[EventType "team-swiss"]
[EventRounds "9"]
[EventCountry "GER"]
[SourceTitle "CBM 134 Extra"]
[Source "ChessBase"]
[SourceDate "2010.03.03"]
[SourceVersion "1"]
[SourceVersionDate "2010.03.03"]
[SourceQuality "1"]
[WhiteTeam "St Petersburg (Seniors)"]
[BlackTeam "Catalunya (Seniors)"]
[WhiteTeamCountry "RUS"]
[BlackTeamCountry "CAT"]

1. Nf3 g6 2. d4 Bg7 3. e4 d6 4. c3 Nf6 5. Bd3 Nc6 6. Bc2 0-0 7. 0-0 Bg4 8. Nbd2 e5 9. dxe5 Nxe5 10. h3 Nxf3+ 11. Nxf3 Be6 12. Re1 Re8 13. Bf4 Re7 14. Qd2 Qf8 15. e5 dxe5 16. Bxe5 Rd8 17. Qf4 Nd5 18. Qh4 f6 19. Bh2 Bf7 20. Rxe7 Qxe7 21. Qd4 c5 22. Qe4 Qxe4 23. Bxe4 f5 24. Bc2 Bf6 25. Be5 Be7 26. g4 Be6 27. gxf5 gxf5 28. Kh2 Kf7 29. Rg1 Bf6 30. Ng5+ Bxg5 31. Rxg5 Nf6 32. Bxf5 Rd2 33. Bxe6+ Kxe6 34. Bxf6 Kxf6 35. Rxc5 1/2-1/2